Čtyři dohody - Modlitby
Saved in:
| Main Author | |
|---|---|
| Other Authors | |
| Format | Electronic eBook |
| Language | Czech |
| Published |
Alferia
2026
|
| Edition | 1. elektronické vydání |
| Subjects | |
| Online Access | Dostupné v BOOKPORT po přihlášení pomocí eduID |
| ISBN | 978-80-271-6256-7 978-80-271-5972-7 |
| Physical Description | 1 online zdroj (104 stran) |
| LEADER | 00000nam a2200000 i 4500 | ||
|---|---|---|---|
| 001 | bkp15095 | ||
| 003 | CZ-prgp | ||
| 005 | 20260407112622.0 | ||
| 006 | m o d | ||
| 007 | cr cn | ||
| 008 | 260407s2026 xr o 000 0 cze | ||
| 020 | |a 978-80-271-6256-7 |c 237 Kč |q (online ; pdf) | ||
| 020 | |a 978-80-271-5972-7 |c 284 Kč |q (print) | ||
| 040 | |a Grada |b cze |e rda | ||
| 100 | 1 | |a Ruiz, Don, Miguel | |
| 245 | 1 | 0 | |a Čtyři dohody - Modlitby |c Miguel Ruiz Don, Janet Millsová |
| 250 | |a 1. elektronické vydání | ||
| 264 | 1 | |b Alferia |c 2026 | |
| 300 | |a 1 online zdroj (104 stran) | ||
| 336 | |a text |b txt |2 rdacontent | ||
| 337 | |a počítač |b c |2 rdamedia | ||
| 338 | |a online zdroj |b cr |2 rdacarrier | ||
| 520 | 3 | |a Inspirace a řízené meditace pro život v lásce a štěstí Knihou Čtyři dohody ovlivnil don Miguel Ruiz životy milionů čtenářů. Jeho čtyři principy osobní transformace se staly legendárními. Nyní se vám do rukou dostává nové vydání jeho nejoblíbenějších modliteb a meditací. | |
| 650 | 0 | 4 | |a Osobní rozvoj a poznání |
| 650 | 0 | 4 | |a Harmonie těla a duše |
| 650 | 0 | 4 | |a Komunikace |
| 650 | 0 | 4 | |a Šťastný život |
| 650 | 0 | 4 | |a Vztahy, láska, rodina |
| 700 | 1 | |a Janet Millsová | |
| 856 | 4 | 0 | |u https://www.bookport.cz/AccountSaml/SignIn/?idp=https://shibboleth.utb.cz/idp/shibboleth&returnUrl=/kniha/ctyri-dohody-modlitby-15911/ |y Dostupné v BOOKPORT po přihlášení pomocí eduID |